Philosophy and phenomenological research (Record no. 494415)
[ view plain ]
| 000 -CABECERA | |
|---|---|
| Campo de control de longitud fija | 00723cas a2200217 i 4500 |
| 001 - NÚMERO DE CONTROL | |
| Campo de control | Rev1411 |
| 003 - IDENTIFICADOR DEL NÚMERO DE CONTROL | |
| Campo de control | ES-SlBCS |
| 005 - FECHA Y HORA DE LA ÚLTIMA TRANSACCIÓN | |
| Campo de control | 20210327224333.0 |
| 008 - CÓDIGOS DE INFORMACIÓN DE LONGITUD FIJA | |
| Campo de control de longitud fija | 750801c19409999xxuq 1p a eng |
| 022 0# - NÚMERO INTERANCIONAL NORMALIZADO PARA PUBLICACIONES SERIADAS (ISSN) | |
| Número Internacional Normalizado para Publicaciones Seriadas | 0031-8205 |
| 040 ## - FUENTE DE LA CATALOGACIÓN | |
| Centro catalogador del origen | ISSN |
| Lengua de catalogación | spa |
| 210 1# - TÍTULO ABREVIADO | |
| Título abreviado | Philos. phenomenol. res. |
| 222 ## - TÍTULO CLAVE | |
| Título clave | Philosophy and phenomenological research |
| 245 10 - MENCIÓN DE TÍTULO | |
| Título | Philosophy and phenomenological research |
| 260 ## - PUBLICACIÓN, DISTRIBUCIÓN, ETC... (PIE DE IMPRENTA) | |
| Lugar de publicación, distribución, etc. | Buffalo, N.Y. : |
| Nombre del editor, distribuidor, etc. | Published for the International Phenomenological Society by the State University of New York at Buffalo. |
| Fecha de publicación, distribución, etc. | , 19? |
| 300 ## - DESCRIPCIÓN FÍSICA | |
| Extensión | v. ; |
| Dimensiones | 23 cm |
| 650 #4 - PUNTO DE ACCESO ADICIONAL DE MATERIA-TÉRMINO DE MATERIA | |
| Término de materia o nombre geográfico como elemento inicial | Teología |
| Subdivisión de forma | Publicaciones periódicas |
| 9 (RLIN) | 1589 |
| 720 2# - PUNTO DE ACCESO ADICIONAL-NOMBRE NO CONTROLADO | |
| Nombre | International Phenomenological Society |
| 866 ## - MENCIÓN TEXTUAL DE LOS FONDOS-UNIDAD BIBLIOGRÁFICA BÁSICA | |
| Cadena textual | 1967-70 |
| 942 ## - ENTRADA DE ELEMENTOS AGREGADOS (KOHA) | |
| Fuente de clasificaión o esquema | |
| Koha [por defecto] tipo de item | Revistas |
| Suprimido | Perdido | Fuente de clasificación o esquema | Estropeado | No para préstamo | Localización permanente | Localización actual | Localización en estantería | Fecha adquisición | Serie de enumeración / cronológica | Préstamos totales | Número de Registro / Código de Barras | Fecha última consulta | Fecha del precio de reemplazo | Tipo de item de Koha |
|---|---|---|---|---|---|---|---|---|---|---|---|---|---|---|
| San Esteban | San Esteban | Depósito de revistas | 08/02/2021 | 28/1967-68 | PAPR-28/1967-68 | 08/02/2021 | 08/02/2021 | Revistas | ||||||
| San Esteban | San Esteban | Depósito de revistas | 08/02/2021 | 29/1968-69 | PAPR-29/1968-69 | 08/02/2021 | 08/02/2021 | Revistas | ||||||
| San Esteban | San Esteban | Depósito de revistas | 08/02/2021 | 30/1969-70 | PAPR-30/1969-70 | 08/02/2021 | 08/02/2021 | Revistas |
